| 000 | 00650nam a2200193Ia 4500 | ||
|---|---|---|---|
| 005 | 20250508153318.0 | ||
| 008 | 008 250505s9999 xx 000 0 eng d | ||
| 037 | _aTextual | ||
| 040 |
_aFEDL _beng _cFEDL |
||
| 041 |
_aeng _2eng |
||
| 084 |
_a371.27, SCO _qFEDL |
||
| 245 | 0 | _aLeaving certificate examination : Including day school certificate higher general paper | |
| 260 |
_aLondon, UK _bHis Majesty's Stationery Office _c1932 |
||
| 300 | _a114p. | ||
| 546 | _aExamination Papers, Secondary education (Scotland) | ||
| 650 | _aEducational - Tests and Measurement | ||
| 942 |
_cTEXL _h371.27, SCO |
||
| 999 |
_c1341939 _d1341939 |
||